Mechanical Vibration (Record no. 6268)

MARC details
000 -LEADER
fixed length control field 00286nam a2200121Ia 4500
008 - FIXED-LENGTH DATA ELEMENTS--GENERAL INFORMATION
fixed length control field 191201s2014 xx 000 0 und d
100 ## - MAIN ENTRY--PERSONAL NAME
Personal name KELLY, S Graham
245 #0 - TITLE STATEMENT
Title Mechanical Vibration
260 ## - PUBLICATION, DISTRIBUTION, ETC. (IMPRINT)
Place of publication, distribution, etc N. delhi
Name of publisher, distributor, etc TMH
Date of publication, distribution, etc 2014
300 ## - PHYSICAL DESCRIPTION
Extent Misc
650 ## - SUBJECT ADDED ENTRY--TOPICAL TERM
Topical term or geographic name as entry element B.Tech(ME)
942 ## - ADDED ENTRY ELEMENTS (KOHA)
Source of classification or shelving scheme Dewey Decimal Classification
Koha item type Text Books
942 ## - ADDED ENTRY ELEMENTS (KOHA)
-- 1
Holdings
Withdrawn status Lost status Source of classification or shelving scheme Damaged status Not for loan Collection code Home library Current library Date acquired Source of acquisition Cost, normal purchase price Bill Number Total Checkouts Full call number Acc. no. / Barcode Date last seen Actual Cost, discounted price Bill Date Koha item type Date last borrowed
    Dewey Decimal Classification     B.Tech(ME) PIET C-LIBRARY PIET C-LIBRARY 03/09/2015 KIRTI PRAKASHAN, NEW DELHI 640.00 IN2267   620.3 KEM 25725 04/12/2019 428.80 24/02/2015 Text Books  
    Dewey Decimal Classification     B.Tech(ME) PIET C-LIBRARY PIET C-LIBRARY 03/09/2015 KIRTI PRAKASHAN, NEW DELHI 640.00 IN2267 1 620.3 KEM 25726 03/09/2024 428.80 24/02/2015 Text Books 30/08/2024
    Dewey Decimal Classification     B.Tech(ME) PIET C-LIBRARY PIET C-LIBRARY 03/09/2015 KIRTI PRAKASHAN, NEW DELHI 640.00 IN2267   620.3 KEM 25727 04/12/2019 428.80 24/02/2015 Text Books  
    Dewey Decimal Classification     B.Tech(ME) PIET C-LIBRARY PIET C-LIBRARY 03/09/2015 KIRTI PRAKASHAN, NEW DELHI 640.00 IN2267 1 620.3 KEM 25728 14/10/2022 428.80 24/02/2015 Text Books 04/10/2022
    Dewey Decimal Classification     B.Tech(ME) PIET C-LIBRARY PIET C-LIBRARY 03/09/2015 KIRTI PRAKASHAN, NEW DELHI 640.00 IN2267   620.3 KEM 25729 04/12/2019 428.80 24/02/2015 Text Books  

Design & Developed by: PIET Central Library
R70 Miles Stone Pattikalyana Samalkha Panipat 132102
mail ID :- [email protected], Phone No:- 0180-2569700 Ex.216